| 000 | 00395nam a22001697a 4500 | ||
|---|---|---|---|
| 999 |
_c4109 _d4108 |
||
| 005 | 20211112112123.0 | ||
| 008 | 160627b xxu||||| |||| 00| 0 eng d | ||
| 020 | _a0-07-053458-6 | ||
| 041 | _aeng | ||
| 082 | _b10336 | ||
| 100 |
_aBowen, R. Brayton _92177 |
||
| 245 | _aRecognning and Rewording Employees | ||
| 260 |
_bTMh _c2003 |
||
| 300 | _a229 | ||
| 650 |
_aManagement _9241 |
||
| 942 | _cBK | ||